Đánh giá tính chịu mặn và tuyển chọn các giống lúa thích nghi cho vùng đất nhiễm mặn ven biển tỉnh Sóc Trăng : Luận văn tốt nghiệp cao học. Ngành sinh thái học

Nội dung luận văn nghiên cứu về việc đánh giá tính chịu của 54 giống lúa do Trung tâm giống cây trồng và Viện Nghiên cứu phát triển ĐBSCL - Truờng Đại học Cần Thơ cung cấp sẽ chọn lọc đuợc khoảng 8 giống có khả năng chịu mặn tốt nhất. Tá...

Szczegółowa specyfikacja

Zapisane w:
Opis bibliograficzny
1. autor: Đặng, Như Ngọc
Format: Książka
Język:Undetermined
Wydane: Cần Thơ Đại học Cần Thơ 2013
Hasła przedmiotowe:
Etykiety: Dodaj etykietę
Nie ma etykietki, Dołącz pierwszą etykiete!
Thư viện lưu trữ: Trung tâm Học liệu Trường Đại học Cần Thơ
LEADER 01671nam a2200229Ia 4500
001 CTU_184373
008 210402s9999 xx 000 0 und d
082 |a 633.18 
082 |b Ng419 
088 |a 60420120 
100 |a Đặng, Như Ngọc 
245 0 |a Đánh giá tính chịu mặn và tuyển chọn các giống lúa thích nghi cho vùng đất nhiễm mặn ven biển tỉnh Sóc Trăng : 
245 0 |b Luận văn tốt nghiệp cao học. Ngành sinh thái học 
245 0 |c Đặng Như Ngọc ; Nguyễn Ngọc Đệ người hướng dẫn 
260 |a Cần Thơ 
260 |b Đại học Cần Thơ 
260 |c 2013 
520 |a Nội dung luận văn nghiên cứu về việc đánh giá tính chịu của 54 giống lúa do Trung tâm giống cây trồng và Viện Nghiên cứu phát triển ĐBSCL - Truờng Đại học Cần Thơ cung cấp sẽ chọn lọc đuợc khoảng 8 giống có khả năng chịu mặn tốt nhất. Tám giống lúa này tiếp tục được theo dõi khả năng chịu mặn thông qua việc trồng trong chậu và trồng trên các vùng đất nhiễm mặn tại các đại phương của tỉnh Sóc Trăng. Từ đó, chọn lọc đuợc 2 - 3 giống lúa có năg suất cao, khả năng chịu mặn tốt để khuyến khích đưa vào sản xuất. 
650 |a Cây lúa,Rice 
650 |x Di truyền,Genetics 
904 |i Thuý Vi 
980 |a Trung tâm Học liệu Trường Đại học Cần Thơ